000 00243nam a22000977a 4500
999 _c11713
_d11713
008 200110b ||||| |||| 00| 0 eng d
020 _a043920836X
100 _aCoghill Vicki
_97405
245 _aThe Lost Hat
260 _aNew York
_bScholastic
_c2000